| 000 | 00729nam a22002057a 4500 | ||
|---|---|---|---|
| 003 | DO-SdBNP | ||
| 005 | 20230308115615.0 | ||
| 007 | ta | ||
| 008 | 091113s1999 dr c 000 0 spa d | ||
| 040 |
_aDO-SdBNP _bspa _cBNPHU |
||
| 082 | 4 |
_bE24s _222 |
|
| 245 | 0 | 0 |
_aEncuentro Nacional del Ministerio Público en el 50 aniversario de la declaración universal de los derechos humanos / _cprólogo Paolo Oberti |
| 260 |
_aSanto Domingo : _bCAMJ, _c1999. |
||
| 300 |
_a95 p. : _bretrs. ; _c21 cm. |
||
| 590 | _aInventariado, 2020/ YL | ||
| 700 | 1 |
_aOberti, Paolo, _eprol _923171 |
|
| 710 | 1 |
_aRepública Dominicana. _bComisionado de Apoyo a la Reforma y Modernización de la Justicia _917179 |
|
| 910 | _aYLockward | ||
| 942 |
_2ddc _cLBS1 |
||
| 999 |
_c49164 _d49164 |
||